| 000 | 00681nam a2200229 a 4500 | ||
|---|---|---|---|
| 005 | 20240925064946.0 | ||
| 008 | 040121s2001 mx r 000 0 spa d | ||
| 020 | _a8482395521 | ||
| 035 | _aUPN01000131465 | ||
| 049 | _aCG | ||
| 050 | 4 |
_aBF318 _bR6.3 2001 |
|
| 100 | 1 | _aRos Amador, Carlos | |
| 245 | 1 | 4 |
_aLos estudios y el desarrollo intelectual / _cCarlos Ros Amador. |
| 250 | _a4a ed. rev. y aum. | ||
| 260 |
_aMadrid : _bPalabra, _c2001. |
||
| 300 | _a266 p. | ||
| 440 | 0 |
_aHacer familia. _vSerie A : cómo educar ; _p17 |
|
| 650 | 4 |
_aPsicología del aprendizaje _95221 |
|
| 650 | 2 |
_aCognición en niños _94094 |
|
| 650 | 4 |
_aEducación familiar _97274 |
|
| 905 | _aLibro | ||
| 999 |
_c103620 _d103620 |
||